01543nam a2200349 a 450000100100000000500170001000800410002702000210006802000210008904000250011008200200013510000240015524000430017924501460022226000320036830000290040049000500042949000500047950400320052960000380056165000490059970000510064870000340069970000410073370000350077483000570080983000570086691000370092395201080096095201080106899900170117600004082020201002034414.0130902s1984 sp c 000 0bspa d a84345815748v. 1 a84345815828v. 2 aDO-SdBNPbspacBNPHU a150.1952bF889E1 aErnest Jones96723910aThe life and work of Sigmun Freudlspa10aFreud /cErnest Jones; prólogo, C. Castilla del Pino; introducción, Lionel Trilling; traducción, Mario Carlisky, José Cano Tembleque. aBarcelona :bSalvat,c1984. a2 v. :bretrs. ;c20 cm.1 aBiblioteca Salvat de grandes biografíasv121 aBiblioteca Salvat de grandes biografíasv13 aBibliografía p: 580bv. 214aFREUD, SIGMUND,d1856-1939935138 4aPsicoanalistaszAustriavBIOGRAFÍAS96724012aCastilla del Pino, C.d1922-2009eprol.96724112aCarlisky, Marioetrad.96724212aCano Tembleque, Joséetrad.96724312aTrilling, Lioneleintr.967244 0aBiblioteca Salvat de grandes biografíasv12942025 0aBiblioteca Salvat de grandes biografíasv13942025 aValidado. Control de calidad MFF 001050718MOaGRbGRcHDd2013-09-09iLF1l0ov. 1p40820-10r2020-06-25w2020-06-25y1ZNo se presta 001050718MOaGRbGRcHDd2013-09-09iLF1l0ov. 2p40820-20r2020-06-25w2020-06-25y1ZNo se presta c40310d40310